Online
Catalog

Alas plegadas / (Record no. 4715)

MARC details
000 -CABECERA
campo de control de longitud fija 00574cam a2200193 a 4500
001 - NÚMERO DE CONTROL
campo de control 000004909
005 - FECHA Y HORA DE LA ÚLTIMA TRANSACCIÓN
campo de control 20200929151530.0
008 - DATOS DE LONGITUD FIJA--INFORMACIÓN GENERAL
campo de control de longitud fija 841205s1940 pr 001 p spa
040 ## - FUENTE DE LA CATALOGACIÓN
Centro catalogador/agencia de origen DO-SdBNP
Lengua de catalogación spa
Centro/agencia transcriptor BNPHU
082 ## - NÚMERO DE LA CLASIFICACIÓN DECIMAL DEWEY
Número de clasificación 861.6
Número de documento/Ítem D372a
100 1# - ENTRADA PRINCIPAL--NOMBRE DE PERSONA
Nombre de persona Demar, Carmen,
Fechas asociadas al nombre 1911-
9 (RLIN) 14197
245 10 - MENCIÓN DE TÍTULO
Título Alas plegadas /
Mención de responsabilidad, etc. Camen Demar.
260 ## - PUBLICACIÓN, DISTRIBUCIÓN, ETC.
Lugar de publicación, distribución, etc. San Juan :
Nombre del editor, distribuidor, etc. Biblioteca de Autores Puertorriqueños,
Fecha de publicación, distribución, etc. [1940].
300 ## - DESCRIPCIÓN FÍSICA
Extensión 212 p. ;
Dimensiones 19 cm.
500 ## - NOTA GENERAL
Nota general Poemas.
504 ## - NOTA DE BIBLIOGRAFÍA, ETC.
Nota de bibliografía, etc. Incluye índice
650 #4 - PUNTO DE ACCESO ADICIONAL DE MATERIA--TÉRMINO DE MATERIA
Término de materia o nombre geográfico como elemento de entrada Poesía puertorriqueña
9 (RLIN) 1015
650 #4 - PUNTO DE ACCESO ADICIONAL DE MATERIA--TÉRMINO DE MATERIA
Término de materia o nombre geográfico como elemento de entrada Literatura puertorriqueña
9 (RLIN) 250
Holdings
Estado de retiro Estado de pérdida Restricciones de uso No para préstamo Código de colección Localización permanente Ubicación/localización actual Ubicación en estantería Fecha de adquisición Número de inventario Total de préstamos Signatura topográfica completa Código de barras Fecha visto por última vez Precio válido a partir de Tipo de ítem Koha
      Excluido de préstamo Monografías: Libros y Folletos General General Depósito 27.07.2009 LF1   861.6 D372a 4909-10 25.06.2020 25.06.2020 No se presta

Powered by Koha